Пособие по языку для студентов университета

Bibliografiske detaljer
Andre forfattere: Е Син (редактор)
Summary:Книга на китайском языке.
Sprog:kinesisk
Udgivet: Ханчжоу, Изд-во ун-та провинции Чж Цзин, 2005
Fag:
Format: Bog
KOHA link:https://koha.lib.tpu.ru/cgi-bin/koha/opac-detail.pl?biblionumber=117926

MARC

LEADER 00000nam0a2200000 4500
001 117926
005 20231101215432.0
035 |a (RuTPU)RU\TPU\book\127637 
090 |a 117926 
100 |a 20070606d2005 m y0chiy50 ca 
101 0 |a chi 
102 |a CN 
105 |a a j 000zy 
200 1 |a Пособие по языку для студентов университета  |f под ред. Е Син 
210 |a Ханчжоу  |c Изд-во ун-та провинции Чж Цзин  |d 2005 
215 |a 398 с.  |c ил. 
300 |a Книга на китайском языке. 
606 1 |a Китайский язык  |x Учебники и учебные пособия  |2 stltpush  |3 (RuTPU)RU\TPU\subj\73823  |9 86580 
610 1 |a лексика 
610 1 |a грамматика 
610 1 |a разговорная речь 
610 1 |a чтение 
610 1 |a упражнения 
610 1 |a учебные пособия 
686 |a Ш171.11-923  |v LBC/SL-A  |2 rubbk 
702 0 |a Е Син  |4 340 
801 1 |a RU  |b 63413507  |c 20070606  |g PSBO 
801 2 |a RU  |b 63413507  |c 20220530  |g PSBO 
942 |c BK